000 00659nam a2200229Ia 4500
005 20250508165349.0
008 008 250505s9999 xx 000 0 eng d
020 _a978-1-4051-3809-3
037 _aReference
040 _aFEDL
_beng
_cFEDL
041 _aeng
_2eng
084 _a001.42, GRE/RR
_qFEDL
100 _aGreig Anne
_9780620
245 0 _aDoing research with children: A practical guide
250 _a3
260 _aLondon, UK
_bSage Publications Ltd.
_c2013
300 _aix, 300p.
365 _aGBP
_b24.99
700 _a Taylor Jayne Mackay Tommy
_9780621
942 _cREF
_h001.42, GRE/RR
999 _c1394679
_d1394679